00939cam a22002414a 450000500170000000800390001702000150005604000290007104100080010008200170010824501320012526000380025730001400029550000220043550400420045765000270049965000250052665000190055165000260057070000430059670000290063970000290066820160228121903.0990429s1999 ne abo frb 001 0 eng a9004113886 aPULcPULdDLCdCO-BoIAVH0 aeng00a333.73bF71f00aForest fragmentation :bwildlife and management implications /cedited by James A. Rochelle, Leslie A. Lehmann, Joe Wisniewski. aLeiden ;aBoston :bBrill,c1999. axiii, 317 páginas (aproximadamente) ;bIlustraciones (algunas a color), mapas (algunos a color), fotografías a color ;c26 x 18 cm. aIncluye índice. aIncluye referencias bibliográficas. 0aFragmented landscapes.16aGestión de bosques26aConservación26aPaisajes fragmentados1 aRochelle, James Arthur,d1942-eEditor1 aLehmann, Leslie.eEditor1 aWisniewski, Joe.eEditor